Państwa z najwyższym odsetkiem osób LGBT+ - Statystyki

Ogólne statystyki
  • Ten quiz został rozwiązany 331 razy
  • Średni wynik to 16 z 25
Statystyki odpowiedzi
Procent populacji Państwo % Poprawnych
4.5 Stany Zjednoczone
95%
4.5 Niemcy
90%
4.9 Polska
88%
3.9 Francja
87%
2.8 Hiszpania
86%
5.3 Kanada
83%
2.6 Szwecja
81%
2.7 Wielka Brytania
80%
6.0 Holandia
77%
2.4 Włochy
76%
3.7 Brazylia
75%
9.9 Portugalia
72%
8.9 Japonia
71%
12.0 Meksyk
70%
3.5 Australia
65%
2.3 Dania
64%
3.5 Argentyna
60%
6.2 Austria
56%
2.6 Irlandia
55%
6.9 Islandia
51%
2.0 Indie
48%
2.7 Nowa Zelandia
45%
1.5 Węgry
28%
4.5 Izrael
18%
3.0 Malezja
9%
Nie znaleziono quizów pasujących do podanych kryteriów
Rozkład punktacji
Procent ludzi z każdym wynikiem
Percentyl według liczby udzielonych odpowiedzi
Twoja historia wyników
Nie rozwiązałeś tego quizu